• 首页
  • 本馆介绍
  • 公告通知
  • 最新文献
  • 馆藏检索
  • 电子资源
  • 读者导购
  • 参考咨询
  • 我的图书馆
  • 登录
  • 详细信息显示
  • 放入我的书架
  • 预约/预借图书
  • 作者相关作品
  • 分类相关作品
  • 丛书相关作品
  • 出版社相关作品

书目信息

  • 表格格式
  • 工作单格式
  • 卡片格式
题名:
细胞工程
    
 
作者: 殷红 主编
分册:  
出版信息: 北京   化学工业出版社  2013
页数: 226页
开本: 26cm
丛书名:
单 册:
中图分类: Q813
科图分类:
主题词: 细胞工程--xi bao gong cheng--高等学校--教材
电子资源:
ISBN: 978-7-122-16873-3
000 01344nam0 2200289 450
001 012001000167
005 20191107171556.98
010    @a978-7-122-16873-3@dCNY30.00
099    @aCAL 012013131974
100    @a20130923d2013 em y0chiy50 ea
101 0  @achi
102    @aCN@b110000
105    @aak a 000yy
106    @ar
200 1  @a细胞工程@Axi bao gong cheng@d= Cell engineering@f殷红主编@zeng
205    @a第2版
210    @a北京@c化学工业出版社@d2013
215    @a226页@c图@d26cm
320    @a有书目 (第223-226页)
330    @a本书共分3篇。第1篇为细胞工程基础,主要概括介绍了细胞工程的发展和应用、基本设备及其使用和无菌技术等;第2篇为植物细胞工程,主要包括植物的快速繁殖与脱病毒、胚胎和胚乳培养、胚珠和子房培养与离体受精、花粉和花药培养、植物细胞培养以及次生物质生产、原生质体培养与体细胞杂交和植物种质的超低温保存技术等;第3篇为动物细胞工程,主要包括动物细胞培养的基本技术、细胞融合与杂交瘤技术、细胞重组与动物克隆以及干细胞技术等。
333    @a普通高等教育“十一五”国家级规划教材 本书可用作综合院校、师范院校以及农林院校细胞工程课程的教材,也可供其他院校有关专业的相关课程选用或参考。
510 1  @aCell engineering@zeng
606 0  @a细胞工程@Axi bao gong cheng@x高等学校@j教材
690    @aQ813@v5
701  0 @a殷红@Ayin hong@4主编
801  0 @aCN@b北京卓展文化@c20191020
905    @b1195586-9@dQ813@e235=2@f4
    
    细胞工程= Cell engineering/殷红主编.-第2版.-北京:化学工业出版社,2013
    226页:图;26cm
    使用对象:普通高等教育“十一五”国家级规划教材 本书可用作综合院校、师范院校以及农林院校细胞工程课程的教材,也可供其他院校有关专业的相关课程选用或参考。
    
    ISBN 978-7-122-16873-3:CNY30.00
    本书共分3篇。第1篇为细胞工程基础,主要概括介绍了细胞工程的发展和应用、基本设备及其使用和无菌技术等;第2篇为植物细胞工程,主要包括植物的快速繁殖与脱病毒、胚胎和胚乳培养、胚珠和子房培养与离体受精、花粉和花药培养、植物细胞培养以及次生物质生产、原生质体培养与体细胞杂交和植物种质的超低温保存技术等;第3篇为动物细胞工程,主要包括动物细胞培养的基本技术、细胞融合与杂交瘤技术、细胞重组与动物克隆以及干细胞技术等。
●
相关链接 在E读中查询图书 在五车中查询图书 在当当中查询图书 在豆瓣中查询图书


正题名:细胞工程     索取号:Q813/235=2         预约/预借

序号 登录号 条形码 馆藏地/架位号 状态 备注
1 1195586   211955865   第二样本阅览室/ [索取号:Q813/235=2] 在馆    
2 1195587   211955874   第三借阅区/ [索取号:Q813/235=2] 在馆    
3 1195588   211955883   第三借阅区/ [索取号:Q813/235=2] 在馆    
4 1195589   211955892   第三借阅区/ [索取号:Q813/235=2] 在馆    
唐山师范学院图书馆 欢迎您!
大连网信软件有限公司© 版权所有